Loading...
Ajanabi Jazirā /
Novel based on life struggle of an Iraqī woman.
| Main Author: | |
|---|---|
| Format: | Printed Book |
| Language: | Hindi |
| Published: |
Allahabad :
Lokbharti Prakashan ,
c2012.
|
| Edition: | Pahalā saṃskaraṇa. |
| Subjects: |
| LEADER | 01172cam a22003377i 4500 | ||
|---|---|---|---|
| 008 | 130201s2012 ii 000 1 hin d | ||
| 010 | |a 2013330650 | ||
| 020 | |a 9788180317361 | ||
| 020 | |a 8180317366 |c 300.00 | ||
| 025 | |a I-H-2013-330650; 09 | ||
| 035 | |a (OCoLC)ocn827492592 | ||
| 035 | |a (OCoLC)827492592 | ||
| 042 | |a lccopycat |a lcode | ||
| 043 | |a a-iq--- | ||
| 082 | 0 | 4 | |a 891.4337 |2 23 |
| 100 | 1 | |a Sharma, Nasira. | |
| 245 | 1 | 0 | |a Ajanabi Jazirā / |c Nasira Sharma |
| 250 | |a Pahalā saṃskaraṇa. | ||
| 260 | |9 2209 |a Allahabad : |b Lokbharti Prakashan , |c c2012. | ||
| 300 | |a 143 pages ; |c 22 cm | ||
| 500 | |a Novel.Feminism | ||
| 520 | |a Novel based on life struggle of an Iraqī woman. | ||
| 546 | |a In Hindi. | ||
| 650 | 0 | |a Feminism |z Iraq |x Social conditions |v Fiction. | |
| 653 | |a Stree Upanyas | ||
| 942 | |2 ddc |c BK | ||
| 246 | 3 | 1 | |a Ajabnabi jazeera |
| 906 | |a 7 |b cbc |c copycat |d 4 |e ncip |f 20 |g y-gencatlg | ||
| 955 | |h wd40 2013-07-18 to Asian |a sbin 2014-04-24 received in Asian Div. | ||
| 999 | |c 247119 |d 247119 | ||
| 952 | |0 0 |1 0 |4 0 |6 S_57 |7 0 |9 274414 |a HIN |b HIN |c S-57-F |d 2016-02-02 |e The Book Shop |g 300.00 |i 24247 |l 0 |o S-57 |p HIN24247 |r 2016-02-02 |w 2016-02-02 |y BK | ||